000
00235nam a2200097Ia 4500
008
230907s9999||||xx |||||||||||||| ||und||
082
_a
620.115
_b
SPR
245
0
_a
Springer handbook of nanomaterials /
300
_a
1222 p.
942
_c
BK
999
_c
599333
_d
599333